000 00667cam a22002413a 4500
001 17981
003 PGUSA
005 20140828083401.0
008 060314s2006||||xxu|||||s|||||000 1 eng d
040 _aPGUSA
_beng
042 _adc
050 4 _aPS
100 1 _aGregory, Jackson,
_d1882-1943
245 1 0 _aUnder Handicap :
_bA Novel
_h[electronic resource] /
_cJackson Gregory
260 _bProject Gutenberg,
_c2006
506 _aPublic domain in the USA.
516 _aElectronic text
653 _aWestern stories
653 _aEngineers -- Fiction
830 0 _aProject Gutenberg
_v17981
856 4 0 _uhttp://www.gutenberg.org/ebooks/17981
942 _cEB
999 _c247236
_d247236